| 000 | 00547nam a22001817a 4500 | ||
|---|---|---|---|
| 003 | MPLRDC | ||
| 005 | 20220104195407.0 | ||
| 008 | 210129b ||||| |||| 00| 0 eng d | ||
| 020 | _a978-986-357-047-9 | ||
| 082 | _a172.83 RUS | ||
| 100 | _a玛莉—珍.罗斯特 MARY-JAYNE RUST、尼可.托顿 NICK TOTTON 主编 | ||
| 245 |
_a失灵的大地 _c黄小萍 译 |
||
| 250 | _a初版一刷 | ||
| 260 |
_a台湾 _b心灵工坊文化事业股份有限公司 _c2015 |
||
| 300 | _b平 | ||
| 650 | _a生态环境与心理 | ||
| 942 |
_cBK _o172.83 RUS |
||
| 999 |
_c66166 _d66156 |
||